000
00202nam a22000977a 4500
999
_c
16079
_d
16079
003
OSt
008
191029b ||||| |||| 00| 0 eng d
100
_a
Bhaskaran,P.
_9
4368
245
_a
Villali
942
_c
BK